000 00339nam a22001457a 4500
003 SGT
082 _a616.024
_bS22S
100 _aSUKHIJA, SANCHIT
245 _aSTUDY OF PROFILE OF ANEMIA IN CHRONIC KIDNEY DIESEASE
260 _aGURUGRAM
_bSGT UNIVERSITY
_c2022
300 _a89
650 _aMEDICINE
653 _aM.D
942 _2ddc
_cTH
999 _c26575
_d26575